| 000 | 02037nam a2200481 c 4500 | ||
|---|---|---|---|
| 001 | 47865 | ||
| 003 | ES-MaCES | ||
| 005 | 20160630134939.0 | ||
| 007 | cr ||||||||||| | ||
| 008 | 160628s2016 fr r i000 | spa d | ||
| 020 | _a9789291891887 | ||
| 040 |
_aES-MaCES _bspa _cES-MaCES |
||
| 041 | 1 |
_aspa _heng |
|
| 245 | 0 | 0 |
_aHabilidades para el progreso social _hRecurso electrónico _b: el poder de las habilidades sociales y emocionales |
| 260 |
_a[Paris] _bOECD |
||
| 260 |
_aMontreal _bInstituto de Estadística de la Unesco _c[2016] |
||
| 300 |
_a1 documento pdf _c(2,25 mb) |
||
| 490 | 1 |
_aInformation paper _v28 |
|
| 500 | _aTraducción de: Skills for social progress, the power of social and emotional skills | ||
| 500 | _aInforme basado en la Reunión ministerial informal de la OCDE sobre Habilidades para el progreso social celebrada en San Pablo, Brasil, el 23 y 24 de marzo de 2014 | ||
| 541 | _cGratuito | ||
| 650 | 4 |
_aeducación _927367 |
|
| 650 | 4 |
_apolítica educativa _927373 |
|
| 650 | 4 |
_aniños _928517 |
|
| 650 | 4 |
_ahabilidad en comunicación _930427 |
|
| 650 | 4 |
_acomportamiento _927271 |
|
| 650 | 4 |
_amotivación _927274 |
|
| 650 | 4 |
_aadaptación social _927281 |
|
| 650 | 4 |
_adesarrollo social _929239 |
|
| 650 | 4 |
_aestilo de vida _929385 |
|
| 650 | 4 |
_apsicología social _927255 |
|
| 650 | 4 |
_ainvestigación pedagógica _927400 |
|
| 650 | 4 |
_apaís de la OCDE _929055 |
|
| 653 | 1 | 0 | _aEducación |
| 710 | 2 |
_aOrganización de Cooperación y Desarrollo Económico _eed. _94694 |
|
| 710 | 2 |
_aInstituto de Estadística de la Unesco _eed. _94144 |
|
| 711 | 2 |
_937083 _aReunión Ministerial Informal de la OCDE sobre "Habilidades para el Progreso Social" _d2014 _cSan Pablo, Brasil |
|
| 740 | 0 | 2 | _aSkills for social progress, the power of social and emotional skills |
| 830 | 0 |
_937062 _aInfomation paper (Instituto de Estadística de la Unesco) |
|
| 856 | 4 |
_uhttp://biblioteca.ces.es/repintra/B47865.pdf _ytexto completo _z[intranet] |
|
| 902 | _aELE PUB. ELECTRONICA | ||
| 942 |
_2CES _cBK _h4.0. |
||
| 999 |
_c47865 _d47865 |
||